Kaldor-Hicks Improvement and Justice: To the Discussion on Normative Economics

Poukázanie na existenciu paradoxu nedobrovoľného zlepšovania a predloženie riešenia tohto paradoxu. Paradox nedobrovoľného zlepšenia sa objaví, keď subjekt, ktorý nedobrovoľne trpí nespravodlivosťou, sa touto zmenou má stále lepšie. Úžera a predaj/kúpa za nespravodlivú cenu. Autor argumentuje, že zm...

Descrizione completa

Salvato in:
Dettagli Bibliografici
Autore principale: Máslo, Lukáš
Natura: Capitolo di libro
Lingua:inglese
Soggetti:
Tags: Aggiungi Tag
Nessun Tag, puoi essere il primo ad aggiungerne!!

MARC

LEADER 00000naa a2200000 4500
001 0297980
005 20240109092727.9
041 0 |a eng 
044 |a CZ 
245 1 0 |a Kaldor-Hicks Improvement and Justice: To the Discussion on Normative Economics  |c Lukáš Máslo 
520 |a Poukázanie na existenciu paradoxu nedobrovoľného zlepšovania a predloženie riešenia tohto paradoxu. Paradox nedobrovoľného zlepšenia sa objaví, keď subjekt, ktorý nedobrovoľne trpí nespravodlivosťou, sa touto zmenou má stále lepšie. Úžera a predaj/kúpa za nespravodlivú cenu. Autor argumentuje, že zmluva o úžere a predaji/kúpe za nespravodlivú cenu nepredstavujú prípady Paretovho zlepšenia, ale skôr prípady Kaldor-Hicksovho zlepšenia. Poukázanie na pozitívno–normatívnu dichotómiu, čo je umelo vytvorený rozdiel, ktorý má škrtať ekonómiu od jej materskej disciplíny, filozofie a ktorú morálni skeptici zvykli zbavovať postavenia vedy morálnej filozofie. 
610 2 0 |a zlepšovateľstvo 
610 2 0 |a ekonómia 
610 2 0 |a rovnováha 
610 2 0 |a úžerníctvo 
610 2 0 |a ceny 
610 2 0 |a filozofia 
610 2 0 |a morálka 
610 2 0 |a etika 
100 1 |a Máslo, Lukáš